[Event "Mittelrhein Verbandsliga-W 1112"]
[Site "Germany"]
[Date "2011.10.09"]
[Round "2.7"]
[White "Breske, Patrick"]
[Black "Kunze, Ewald"]
[Result "1-0"]
[WhiteElo "1861"]
[BlackElo "1754"]
[PlyCount "119"]
[EventDate "2011.09.18"]
[EventType "team-tourn"]
[EventRounds "11"]
[EventCountry "GER"]
[SourceTitle "EXT 2013"]
[Source "ChessBase"]
[SourceDate "2012.11.22"]
[SourceVersion "1"]
[SourceVersionDate "2012.11.22"]
[SourceQuality "1"]
[WhiteTeam "Brauweiler Rochade"]
[BlackTeam "Brand SF"]
[WhiteTeamCountry "GER"]
[BlackTeamCountry "GER"]

1. e4 e5 2. f4 d5 3. exd5 e4 4. d3 Qxd5 5. Nc3 Bb4 6. Bd2 Bxc3 7. Bxc3 Nf6 8. Bxf6 gxf6 9. dxe4 Qxe4+ 10. Qe2 Bf5 11. 0-0-0 Qxe2 12. Nxe2 Bg4 13. Rd3 Nc6 14. Re3+ Kf8 15. h3 Bxe2 16. Bxe2 Nd4 17. Bd3 Re8 18. Rxe8+ Kxe8 19. Re1+ Kf8 20. Re4 c5 21. c3 Nc6 22. Bb5 Ne7 23. Bd7 h5 24. a4 Rg8 25. g4 hxg4 26. hxg4 Rh8 27. Re2 Rh1+ 28. Kc2 Rf1 29. Re4 Rf2+ 30. Kb3 Rd2 31. Bb5 a6 32. Re2 Rd1 33. Kc2 Rd6 34. Bc4 Nc6 35. Rf2 Rd8 36. a5 Ne7 37. g5 f5 38. Rd2 Rxd2+ 39. Kxd2 Nc6 40. Bd3 Nxa5 41. Bxf5 Nc4+ 42. Kc1 Nd6 43. Bd3 Kg7 44. Kd2 f6 45. Ke3 b5 46. b4 cxb4 47. cxb4 fxg5 48. fxg5 Nf7 49. Kf4 Nd8 50. Be4 Ne6+ 51. Kf5 Nd4+ 52. Ke5 Ne2 53. Kd6 Nc3 54. Bf5 Na2 55. Kc5 Nc3 56. Bc2 Na2 57. Bf5 Nc3 58. Kb6 Nd5+ 59. Ka5 Ne7 60. Be4 1-0